Pala Ayropiyargal Thamizh Kattralum Aaivum: (Record no. 177949)

MARC details
000 -LEADER
fixed length control field 00370nam a22001697a 4500
005 - DATE AND TIME OF LATEST TRANSACTION
control field 20260618135041.0
020 ## - INTERNATIONAL STANDARD BOOK NUMBER
ISBN 9788198510860
041 ## - LANGUAGE CODE
Language code of text/sound track or separate title English
082 ## - DEWEY DECIMAL CLASSIFICATION NUMBER
Classification number T16 R25 STE
100 ## - MAIN ENTRY--AUTHOR NAME
Personal name Stephen Jeyaseela
245 ## - TITLE STATEMENT
Title Pala Ayropiyargal Thamizh Kattralum Aaivum:
250 ## - EDITION STATEMENT
Edition statement 01
260 ## - PUBLICATION, DISTRIBUTION, ETC. (IMPRINT)
Name of publisher Ncbh
Year of publication 2025
300 ## - PHYSICAL DESCRIPTION
Number of Pages 249
365 ## - TRADE PRICE
Price amount 210.00
942 ## - ADDED ENTRY ELEMENTS (KOHA)
Koha item type Books
Holdings
Withdrawn status Lost status Home library Current library Date acquired Cost, normal purchase price Full call number Accession Number Cost, replacement price Department Koha item type
    PSG-CAS LIBRARY PSG-CAS LIBRARY 18/06/2026 210.00 T16 R25 STE 154509 210.00 Tamil Books

Contact Us:

PSGCAS LIBRARY
Phone: 04224303300
Website: http://www.psgcas.ac.in/ | Email: psgcaslib@gmail.com


You are Visitor Number

web counter